Well done, Mr. President: editorials and commentaries (Record no. 492640)

000 -LEADER
fixed length control field 00400cam a22001337a 4500
008 - FIXED-LENGTH DATA ELEMENTS--GENERAL INFORMATION
fixed length control field 180718b2001 xxu||||| |||| 00| 0 eng d
082 ## - DEWEY DECIMAL CLASSIFICATION NUMBER
Classification number I548 R118
100 ## - MAIN ENTRY--PERSONAL NAME
Personal name Radhakrishnan, N.
245 ## - TITLE STATEMENT
Title Well done, Mr. President: editorials and commentaries
Statement of responsibility, etc. by N. Radhakrishnan
260 ## - PUBLICATION, DISTRIBUTION, ETC.
Place of publication, distribution, etc. New Delhi
Name of publisher, distributor, etc. Gandhi Media Centre
Date of publication, distribution, etc. 2001
300 ## - PHYSICAL DESCRIPTION
Extent 132p.
650 ## - SUBJECT ADDED ENTRY--TOPICAL TERM
Topical term or geographic name entry element Press - India
650 ## - SUBJECT ADDED ENTRY--TOPICAL TERM
Topical term or geographic name entry element Journalism - India
Holdings
Withdrawn status Lost status Damaged status Not for loan Permanent Location Current Location Date acquired Full call number Barcode Date last seen Price effective from Koha item type
        Indian Institute of Public Administration Indian Institute of Public Administration 2018-08-04 I548 R118 GR16567 2018-08-04 2018-08-04 GR

Powered by Koha